Influence of different production processes on the formation of asolectin-based colloids to improve quercetin and rutin formulation efficiency

Elmentve itt :
Bibliográfiai részletek
Szerzők: Kiss Virág Viktória
Varga Norbert
Juhász Ádám
Seres László
Csapó Edit
Dokumentumtípus: Cikk
Megjelent: 2026
Sorozat:JOURNAL OF MOLECULAR LIQUIDS 453
Tárgyszavak:
doi:10.1016/j.molliq.2026.129530

mtmt:37076514
Online Access:http://publicatio.bibl.u-szeged.hu/40282
LEADER 00939nab a2200253 i 4500
001 publ40282
005 20260602110145.0
008 260602s2026 hu o 000 eng d
022 |a 0167-7322 
024 7 |a 10.1016/j.molliq.2026.129530  |2 doi 
024 7 |a 37076514  |2 mtmt 
040 |a SZTE Publicatio Repozitórium  |b hun 
041 |a eng 
100 1 |a Kiss Virág Viktória 
245 1 0 |a Influence of different production processes on the formation of asolectin-based colloids to improve quercetin and rutin formulation efficiency  |h [elektronikus dokumentum] /  |c  Kiss Virág Viktória 
260 |c 2026 
300 |a 13 
490 0 |a JOURNAL OF MOLECULAR LIQUIDS  |v 453 
650 4 |a Kémiai tudományok 
700 0 1 |a Varga Norbert  |e aut 
700 0 1 |a Juhász Ádám  |e aut 
700 0 1 |a Seres László  |e aut 
700 0 1 |a Csapó Edit  |e aut 
856 4 0 |u http://publicatio.bibl.u-szeged.hu/40282/1/1-s2.0-S0167732226003016-main.pdf  |z Dokumentum-elérés